000 00710nam a2200253Ia 4500
003 OSt
005 20221005043143.0
006 a|||||r|||| 00| 0
007 ta
008 221004b |||||||| |||| 00| 0 eng d
024 _a71682
037 _cTextual
040 _aCRL
_cCRL
_beng
041 _2eng
_aeng
082 _aY15.1(Y:4), M9
100 _aBrydon Lynne
_9135439
245 0 _aWomen in the third world
_b Gender issues in rural and Urban areas.
260 _aEngland
_bEdward Elgar
_c1989
300 _a327p
_ccm.
650 _aSOCIOLOGY
700 _a Chant Sylvia
_9135440
942 _hY15.1(Y:4), M9
_cTEXL
_2cc
999 _c951398
_d951398